| 000 | 00643nam a2200265Ia 4500 | ||
|---|---|---|---|
| 003 | OSt | ||
| 005 | 20260119105858.0 | ||
| 008 | 210417s9999 xx 000 0 und d | ||
| 020 | _a9780198473107 | ||
| 040 | _c- | ||
| 082 |
_a796 _bBER |
||
| 082 | _b2.796BER | ||
| 100 | _aBerry, Shilo | ||
| 245 | 0 |
_aSport Then and Now _cby Shilo Berry |
|
| 245 | 0 | _cSport Then and Now | |
| 250 | _b24 p . : coll. ill. ; 25 cm ; pbk | ||
| 260 | _aOxford | ||
| 260 | _bOxford University Press | ||
| 260 | _c2003 | ||
| 300 | _a24p. | ||
| 490 |
_3pbk _aFireflies |
||
| 700 | _a"Berry, Shilo" | ||
| 700 | _bShilo Berry | ||
| 942 |
_2ddc _cENGLISH |
||
| 999 |
_c454503 _d454503 |
||